000
00309nam a2200145Ia 4500
100
_a
Courant/ Richard
490
_v
2
942
_c
BK
654
_a
calculus
245
_a
Introduction to calculus & analysis
260
_b
John wiley
_a
Singapore
_c
1974
300
_a
954
546
_a
ENGLISH
999
_c
29158
_d
29158